| 000 | 01773nam2a2200373 4500 | ||
|---|---|---|---|
| 001 | v19\rc\1322860 | ||
| 005 | 20250618120440.0 | ||
| 035 | _a(NLR Aleph) 004559598 | ||
| 090 |
_a2255538 _c2255538 |
||
| 100 | _a20060512d1830 |||y0rusy50 ca | ||
| 101 | 0 | _arus | |
| 102 | _aRU | ||
| 105 | _ac z 000by | ||
| 200 | 1 |
_a[Бригадир _aНедоросль _eкомедии] |
|
| 210 |
_d1830 _aБ. м. |
||
| 215 | _aVIII, [2], 263 с., [1] л. портр. | ||
| 316 |
_aЭкз. РНБ (130/3320(1)) деф.: отсутствует 1 л. портр. _5NLR: 130/3320(1) |
||
| 327 | 1 | _aВ кн. также: Предуведомление / Пл[атон] Бек[етов] | |
| 461 | 0 |
_1001v19\rc\1322859 _12001#$aПолное собрание сочинений Д. И. фон Визина$vЧ. 1 _1700#1$aФонвизин$bД. И.$f1745-1792$gДенис Иванович$3RU\NLR\AUTH\7711401 _92255529 _aФонвизин, Д. И. (1745-1792) _cМосква _d1830 _nСалаев _oЧ. 1-4 _p4 т. _tПолное собрание сочинений Д.И. Фон Визина _vЧ. 1 |
|
| 464 | 0 |
_12001#$a[Предуведомление]$fПл[атон] Бек[етов] _1700#1$aБекетов$bП. П.$f1761-1836$gПлатон Петрович$3RU\NLR\AUTH\770274331 _t[Предуведомление] _aБекетов, Платон Петрович (1761-1836) |
|
| 801 | 0 |
_aRU _bNLR _gpsbo |
|
| 801 | 0 |
_aRU _bRuMoRGB _2psbo |
|
| 801 | 1 |
_aRU _bProSoft-M _2rusmarc |
|
| 852 |
_aNLR _j18.47.5.12(1) |
||
| 852 |
_aNLR _j130/3320(1) |
||
| 899 |
_aRuMoRGB _jU 27/495 |
||
| 899 |
_aRuMoRGB _jE 85/399 |
||
| 899 | _aБАН | ||
| 899 | _aНБ СПбГУ | ||
| 899 | _aГПИБ | ||
| 899 | _aНБ МГУ | ||
| 942 | _cBOOK | ||
| 980 | _aNB | ||